(I’ve Had) The Time Of My Life - Dirty Dancing - All Lyrics - Statistics

General Stats
  • This quiz has been taken 126 times
  • The average score is 305 of 367
Answer Stats
Answer % Correct
be
100%
I
100%
life
100%
life)
100%
my
100%
of
100%
the
100%
(The
100%
time
100%
And
99%
and
99%
had
99%
this
98%
This
98%
you
98%
before
97%
I've
95%
to
95%
it
94%
way
94%
way)
94%
it's
93%
(It's
93%
never
93%
(Never
93%
felt
92%
swear
92%
swear)
92%
truth
91%
truth)
91%
all
87%
No,
87%
no
87%
for
86%
Hey,
86%
so
84%
So
84%
Now
81%
on
81%
owe
81%
like
79%
Because
78%
your
78%
by
77%
me
77%
me)
77%
We
76%
we
76%
Yes,
76%
(Yes.
76%
could
74%
love
73%
one
72%
been
71%
can't
71%
you’re
71%
'Cause
70%
‘Cause
70%
I'll
70%
long
70%
Just
69%
just
69%
tell
69%
get
67%
something
67%
with
67%
With
67%
enough
66%
in
65%
remember
64%
thing
64%
When
60%
go
59%
know
58%
baby
57%
stand
57%
ever
56%
found
56%
our
56%
waiting
56%
hand
55%
someone
55%
take
53%
There’s
53%
finally
52%
eyes
51%
tonight"
51%
let
50%
passion
50%
"stay
50%
(Stay
50%
you'll
50%
each
49%
other's
49%
want
49%
Don’t
48%
mind
48%
more
48%
say
48%
lose
47%
we'll
47%
control,
45%
than
45%
understand
45%
what's
45%
wall
44%
writing
44%
afraid
43%
saw
43%
As
42%
body
42%
soul
41%
door
40%
open
38%
seem
37%
disguise
36%
every
36%
fantasy
36%
through
36%
magical
35%
urgency
35%
secretly
28%
'Til
20%
searched
17%
No matching quizzes found
Score Distribution
Percent of People with Each Score
Percentile by Number Answered
Your Score History
You have not taken this quiz